1013 1085 1762 1783 1384 1278 1484 1551 1381 1787 1870 1898 1881 1341 1937 1011 1742 1372 1825 1842 1903 1948 1542 1846 1430 1756 1635 1988 1916 1037 1191 1803 1147 1436 1330 1181 1397 1619 1627 1864 1096 1357 1272 1245 1674 1040 1332 1799 1017 1451 1512 1581 1762 1849 1664 1446 1331 1491 1147 1792 1018 1686 1675 1830 1719 1041 1914 1139 1822 1063 1701 1246 1313 1636 1473 1281 1259 1843 1451 1627 1954 1400 1290 1542 1529 1598 1115 1261 1581 1889 1324 1547 1136 1518 1062 1757 1814 1883 1697 BCNSPRNW ULIB Ver.6.0+V

เปลี่ยนเป็นภาษาไทย

Change to English
 แสดงรายละเอียดบรรณานุกรม
  กลับหน้าหลัก

Brief Record : Get Marc (ISO 2709) : E-mail record : QR code < ปิดหน้าต่าง
LEADER : 00000nam 2200000uu 4500
001    13399111887
003     ULIB
008    110711s2549||||th 000 0 tha d
020    9749432789
020    9789749432785
050  4 DS586^bส266ด 2549
100 0  สมพร เทพสิทธา
245 10 ดวงประทีปจากพระบรมราโชวาทพระบาทสมเด็จพระเจ้าอยู่หัว /^cสมพร เทพสิทธา
250    พิมพ์ครั้งที่ 1
260    กรุงเทพฯ :^bมูลนิธิสมพร เทพสิทธา เพื่อศาสนาและพัฒนาสังคม,^c2549
300    152 หน้า :^bภาพประกอบ ;^c21 ซม.
600 04 ภูมิพลอดุลยเดช,^cพระบาทสมเด็จพระปรมินทรมหา,^d2470-^xพระบรมราโชวาท
600 04 ภูมิพลอดุลยเดช,^cพระบาทสมเด็จพระปรมินทรมหา,^d2470-^xพระราชดำรัส
945    ^p100^l0^i0198914
995    ทศพร
999 ^a ใช้งานได้ทุกระบบ
รายการนี้ยังไม่มีแท็ก
คุณยังไม่ได้ล็อกอิน คุณสามารถมีกิจกรรมร่วมกับเว็บไซต์ได้ แต่ต้องล็อกอินก่อน ::
  ล็อกอิน

รายการสื่อสารสนเทศ

ลำดับที่ ประเภท เลขเรียก/บาร์โค้ด สถานที่ สถานะ
- ไม่พบข้อมูล -

BibComment


ยังไม่เคยถูกคอมเมนท์

คอมเมนท์ทรัพยากรรายการนี้
  คอมเมนท์: ดวงประทีปจากพระบร..


 Copyright 2026. Bcnsprnw @Library